000 01536nam a2200457 i 4500
001 14382
003 KOSZ 005
005 20221219092153.0
008 070801s1972 pl a f 000 0 pol
015 _aPB 1972/4820
035 _a991035716209705066
035 _a(PL-WaBN)b19604750-48omnis_nlop
035 _ab19604750
035 _a(OCoLC)839112608
035 _a(PL)b0000001960475
035 _a(EXLNZ-48OMNIS_NETWORK)9910046666005606
040 _aWA N
_cWA N
_dKOSZ 005/RW
046 _k1972
080 _a331.04+331.054:65.01
100 1 _aSarapata, Adam
_d(1921-1999)
_eAutor
245 1 0 _aDyrektor jako kierownik zespołu /
_cAdam Sarapata.
260 _aWarszawa :
_bPaństwowe Wydawnictwo Ekonomiczne,
_c1972.
300 _a190, [2] stron :
_bilustracje ;
_c18 cm.
336 _aTekst
_btxt
_2rdacontent
337 _aBez urządzenia pośredniczącego
_bn
_2rdamedia
338 _aWolumin
_bnc
_2rdacarrier
380 _aKsiążki
388 _a1901-2000
490 1 _aBiblioteka Dyrektora
504 _aBibliografia na stronach [188]-190.
650 7 _aPsychologia pracy
_2DBN
658 _aZarządzanie i marketing
650 7 _aPraca
_2DBN
650 7 _aSocjologia
650 7 _aZarządzanie
_2DBN
710 2 _aPaństwowe Wydawnictwo Ekonomiczne
_4pbl
856 _uhttp://koha.tu.koszalin.pl/cgi-bin/koha/opac-detail.pl?biblionumber=14382
_yKatalog online BPK
830 0 _aBiblioteka Dyrektora
942 _2UKD
_cKS
999 _c14382
_d14382